| 000 | 00485nam a2200181Ia 4500 | ||
|---|---|---|---|
| 001 | 4872 | ||
| 005 | 20260306145826.0 | ||
| 008 | 260306t2008||||xx |||||||||||||| ||spa|| | ||
| 041 | _aESP | ||
| 082 |
_a330.985 _bP42 2008 |
||
| 100 |
_aPeñaranda Castañeda, César A. _eAUT |
||
| 245 | 0 |
_aAgenda económica para el cambio: _bcrecer con menos pobreza e inequidad |
|
| 260 | _c2008 | ||
| 300 |
_a248 páginas : _c23 cm. |
||
| 650 | _aGEN | ||
| 654 | _aCAN | ||
| 942 |
_cLIB _dJUS _fJUS _2ddc _n |
||
| 999 |
_c4872 _d4872 |
||